|
|
|
|
| LEADER |
00000nas a2200000 i 4500 |
| 001 |
ssj0001077873 |
| 003 |
WaSeSS |
| 005 |
20200512172242.0 |
| 006 |
m d |
| 007 |
cr n |
| 008 |
140107c20uu9999rm m| p|s|||||| |0rum d |
| 022 |
|
|
|a 2286-0584
|l 1583-493X
|
| 035 |
|
|
|a (WaSeSS)ssj0001077873
|
| 040 |
|
|
|a WaSeSS
|b eng
|c WaSeSS
|d WaSeSS
|
| 043 |
|
|
|a e-rm---
|
| 050 |
1 |
4 |
|a KKR920
|
| 210 |
1 |
|
|a Rev. rom. drept afac.
|b (Online)
|
| 222 |
|
0 |
|a Revista română de drept al afacerilor
|b (Online)
|
| 245 |
0 |
0 |
|a Revista Romana de drept al afacerilor
|h [electronic resource].
|
| 260 |
|
|
|a Bucharest, Romania :
|b Wolters Kluwer Romania SRL
|
| 310 |
|
|
|a Monthly
|
| 506 |
|
|
|a License restrictions may limit access.
|
| 588 |
|
|
|a Description based on: 1 (2013); title from article pdf (ProQuest, viewed Jan. 7, 2014).
|
| 588 |
|
|
|a Latest issue consulted: 12 (2013) (viewed Jan. 7, 2014).
|
| 650 |
|
0 |
|a Commercial law
|z Romania
|v Periodicals.
|
| 655 |
|
0 |
|a Electronic journals.
|
| 776 |
0 |
8 |
|i Print version:
|t Revista Romana de drept al afacerilor
|x 1583-493X
|
| 856 |
4 |
0 |
|z Full text available from Research Library: 01/01/2013 to present
|u https://search.proquest.com/publication/2026877
|